000 00474nam a22001697a 4500
003 0
005 20231211121646.0
008 231104b xxu||||| |||| 00| 0 eng d
020 _a978-0-696-22887-2
050 _a TR
_bLit779 2006
245 _aThe little red hen
260 _aDes Moines, Iowa
_bMeredith Books
_cc2006.
300 _a25 pages :
_bcolored illustrations ;
_c23 cm.
650 _aParenting.
650 _aChildrens stories-- parenting.
942 _2lcc
_cBK
999 _c365558
_d365558